Statistics for Political Geography: Elongated States (Countries)

Click here to take the quiz!

General Stats

  • This quiz has been taken 67 times
  • The average score is 40 of 81

Answer Stats

Answer% Correct
Chile
95%
Argentina
81%
United Kingdom
75%
Sweden
73%
Finland
71%
Norway
71%
Italy
70%
Japan
70%
Vietnam
68%
Russia
67%
United States
67%
Thailand
65%
Malawi
63%
Nepal
63%
Portugal
63%
Canada
62%
Pakistan
62%
New Zealand
60%
Panama
60%
Peru
59%
China
56%
Israel
56%
Mozambique
56%
Myanmar
56%
Costa Rica
54%
Cuba
54%
Madagascar
54%
Turkey
54%
Benin
52%
Chad
52%
Laos
52%
Lebanon
52%
Oman
52%
Togo
52%
Yemen
52%
Austria
51%
Bhutan
51%
Gambia
51%
Uzbekistan
51%
Australia
49%
Morocco
49%
Somalia
49%
Ukraine
49%
Albania
46%
Kazakhstan
46%
Mongolia
46%
Republic of the Congo
46%
Turkmenistan
46%
Eritrea
44%
Ghana
44%
Guyana
44%
Slovakia
44%
Jamaica
41%
Kyrgyzstan
41%
Namibia
41%
Qatar
41%
Armenia
40%
Georgia
40%
Guinea
40%
Serbia
40%
Tajikistan
40%
Tunisia
40%
Hungary
38%
Latvia
38%
Belize
37%
Dominica
37%
Moldova
37%
Slovenia
37%
Bulgaria
33%
Liechtenstein
33%
El Salvador
32%
Sri Lanka
32%
Czech Republic
30%
East Timor
30%
Paraguay
30%
Burkina Faso
29%
Central African Republic
29%
Cyprus
29%
Taiwan
29%
Monaco
24%
Saint Lucia
19%

Score Distribution

Percentile by Number Answered

Percent of People with Each Score

Your Score History

You have not taken this quiz